00723nam a2200217Ia 4500008004100000020001800041050002200059050001700081245003400098260001500132260004300147260000900190300001600199300002600215300001100241500002000252650003300272650005100305999001900356952013000375160621s9999 xx 000 0 und d a0-7621-0259-4 aComSc TK 5105.875 b.I57R43 1999 aReader's Digest get online! / aNew York : bThe Reader's Digest Association, Inc., c1999 a192 pages : bcolor illustrations ; c30 cm. aIncludes index. aInternet (Computer network). xWorld Wide Web (Information retrieval system). c296093d296093 001040aSMCbSMCcComScd2008-01-12g0.00l0oComSc TK 5105.875 .I57R43 1999pSMC04934r2016-06-21 00:00:00w2016-06-21yBK